00462 2200157 4500001002100000005001500021035002000036008004100056245008700097260003700184300002100221650001900242650001200261650001400273990001700287INLIS00000000000591420260414030138 a0010-0426000001260414 g | dut  aVerslag van den dienst van het boschwezen in nederlandsch-indie over het jaar 1912 aWeltevreden :bF.B. Smits,c1913 a151 p. ;c34 cm. 4aFOREST SERVICE 4aREPORTS 4aINDONESIA a0329/KA/2026